Culture Générale - Série 2234 - Statistiques

Statistiques générales
  • Ce quiz a été pris 167 fois
  • Le résultat moyen est 6 sur 10
Statistiques - réponses
Question Réponse % Correct
Comment appelle-t-on une bande dessinée japonaise ? manga
96%
De quelle série de films un boxeur italo-américain est-il la vedette ? voir photo Rocky
81%
Quel titre de noblesse est immédiatement inférieur à celui de comte ? vicomte
81%
Quel acteur français avait le premier rôle dans le film de Luchino Visconti de 1963 "Le Guépard" ? prénom et nom Alain Delon
73%
Quel anglicisme signifie "Mélancolie sans cause apparente, caractérisée par le dégoût de toute chose" ? spleen
71%
Quel film fantastique à succès a réuni sur les écrans Sean Connery et Christophe Lambert en 1986 ? Highlander
47%
De quelle région de France est originaire la sauce "meurette" ? Bourgogne
45%
Comment appelle-t-on le fruit du plaqueminier ? kaki
45%
Assise de pierre qui forme le rebord (d'un puits, du bassin d'une fontaine) margelle
43%
Au Moyen-Âge, comment appelait-on un village fortifié ? bastide
20%
Aucun quiz correspondant
Distribution des résultats
% des personnes avec chaque résultat
Percentile par nombre de réponses
Votre historique - résultats
Vous n’avez pas pris ce quiz